000 00609nam a2200217Ia 4500
001 62035
008 080101n2011 ii |||gr||||Z||||||asm
020 _a9788126030989
041 _aasm
082 _a891.41209
100 _aHazarika, Karabi Deka,
_eEditor.
245 0 _aAsamiya Geet Aru Geetikavita
_cEdited by Karabi Deka Hazarika
_hTextual Documents
250 _aist ed.
260 _aNew Delhi
_bSahitya Academy
_c2011
300 _apg 210:
_c20cm.
653 _aAssamese
653 _aAsamiya Geet Aru Geetikavita
653 _aAssamese literature
653 _aDeptt-Assamese
942 _2ddc
_cBK
999 _c63143
_d63143